Library Banner

Information systems today : (Record no. 89900)

MARC details
000 -LEADER
fixed length control field 00680cam a22002174a 4500
001 - CONTROL NUMBER
control field 14652000
005 - DATE AND TIME OF LATEST TRANSACTION
control field 20170107103115.0
008 - FIXED-LENGTH DATA ELEMENTS--GENERAL INFORMATION
fixed length control field 061130s2008 njua b 001 0 eng
020 ## - INTERNATIONAL STANDARD BOOK NUMBER
International Standard Book Number 9781292098067
040 ## - CATALOGING SOURCE
Transcribing agency PK-LaUMT
082 00 - DEWEY DECIMAL CLASSIFICATION NUMBER
Classification number 658.4038011
Edition number 22
Item number VAL-I
100 1# - MAIN ENTRY--PERSONAL NAME
Personal name Valacich, Joseph
245 10 - TITLE STATEMENT
Title Information systems today :
Remainder of title managing in the digital world /
Statement of responsibility, etc Joseph Valacich and Christoph Schneider
250 ## - EDITION STATEMENT
Edition statement 7th ed.
260 ## - PUBLICATION, DISTRIBUTION, ETC. (IMPRINT)
Place of publication, distribution, etc Boston :
Name of publisher, distributor, etc Pearson ,
Date of publication, distribution, etc 2016
300 ## - PHYSICAL DESCRIPTION
Extent 526 p. :
Other physical details col. ill. ;
Dimensions 29 cm.
650 #0 - SUBJECT ADDED ENTRY--TOPICAL TERM
Topical term or geographic name as entry element Information technology.
650 #0 - SUBJECT ADDED ENTRY--TOPICAL TERM
Topical term or geographic name as entry element Information storage and retrieval systems
General subdivision Business.
700 1# - ADDED ENTRY--PERSONAL NAME
Personal name Valacich, Joseph S.,
942 ## - ADDED ENTRY ELEMENTS (KOHA)
Koha item type Books
Holdings
Withdrawn status Lost status Damaged status Home library Current library Date acquired Full call number Barcode Date last seen Price effective from Koha item type
      UMT Main Campus UMT Main Campus 2017-01-07 658.4038011 VAL-I 104130 2021-11-03 2017-01-07 Books